000 01290cam a2200133 4500500
005 20260329043157.0
041 _afre
042 _adc
100 1 0 _aNouschi, Marc
_eauthor
245 0 0 _aPetit Atlas historique du XXe siècle
260 _bArmand Colin,
_c2016.
520 _aCet atlas historique présente en 47 fiches une analyse essentielle du XXe siècle qui permet de comprendre les évolutions, les rapports conflictuels ou pacifiques entre les États, les dynamiques d’intégration et d’exclusion. L’ouvrage identifie les processus qui jalonnent l’entrée dans le siècle, le « premier » et le « second » XXe siècle dominé par les superpuissances. Il éclaire les essors, les dépressions, les bouleversements politiques, économiques et idéologiques de la période. Chacune des fiches se structure autour d’une problématique soutenue par une représentation cartographique exceptionnelle.Un index des thèmes, des noms propres et des lieux facilite la compréhension de la période.Un ouvrage en deux couleurs55 cartes et schémas originauxdes chronologies, des focus, des graphiques et tableaux, des biographies, des lexiques
856 4 1 _uhttps://shs.cairn.info/petit-atlas-historique-du-xxe-siecle--9782200614645?lang=fr&redirect-ssocas=7080
999 _c1983567
_d1983567